| 000 | 00585nam a22002177a 4500 | ||
|---|---|---|---|
| 003 | OSt | ||
| 005 | 20140310181927.0 | ||
| 008 | 130720t xxu||||| |||| 00| 0 eng d | ||
| 020 | _a0930790421 | ||
| 050 |
_aLB 1576 _b.B414 1996 |
||
| 082 |
_aTRE 808 _bB35 1996 |
||
| 100 |
_aBeech, Linda Ward _92331 |
||
| 245 |
_a425 Creative writing ideas / _cLinda Ward Beech |
||
| 260 |
_aUSA : _bSniffen Court books, _cc1996. |
||
| 300 |
_a64 p. _bill. ; _c28 cm. |
||
| 521 | _aFaculty | ||
| 541 | _j1 | ||
| 562 | _e1 | ||
| 650 |
_aCreative writing _9676 |
||
| 942 |
_2lcc _cBK-TR _kTRE |
||
| 999 |
_c7198 _d7198 |
||